Battle of Gettysburg - Statistics

General Stats
  • This quiz has been taken 241 times
  • The average score is 10 of 15
Answer Stats
Hint Answer % Correct
Year of the battle 1863
99%
Confederate Commander Robert E. Lee
95%
Union Commander George Meade
79%
Hill on the extreme left of the Union line Little Round Top
76%
This was given on November 19th 1863 Gettysburg Address
74%
Famous assault on Day 3 Pickett's Charge
70%
General who argued against that assault James Longstreet
64%
The Union's line took this shape Fishhook
59%
That unit's Commander Joshua Chamberlain
58%
Unit that famously defended that hill 20th Maine
56%
Confederate cavalry officer who was notoriously missing J.E.B. Stuart
55%
Ridge where Day 1 was fought Seminary
52%
Union General killed on Day 1 John Reynolds
49%
Union General who chose the ground for the battle John Buford
45%
Where this General fell marks the High Water Mark of the Confederacy Lewis Armistead
35%
No matching quizzes found
Score Distribution
Percent of People with Each Score
Percentile by Number Answered
Your Score History
You have not taken this quiz